000 00642cab a2200241 4500
001 ABS50150
008 090401t1994 xxu||||| |||| 00| 0 eng d
035 _a(Sirsi) u74406
041 _aeng
100 _aFort, M.
245 _aPythagoras - the CAD route
260 _c1994
350 _a0
490 _aCivil Engineering Surveyor
_v19(1) February 1994, 23-25(3)
520 _aReviews the survey-specific CAD package.
650 _aADW SOFTWARE
650 _aCAD
650 _aGROUND MODELLING
650 _aPYTHAGORAS
690 _aMANAGEMENT-BUSINESS MANAGEMENT-INFORMATION MANAGEMENT
942 _n0
948 _c04/03/1997
999 _c46946
_d46946